| 000 | 00658nam a22002298i 4500 | ||
|---|---|---|---|
| 001 | 016329712 | ||
| 003 | OSt | ||
| 005 | 20131111144539.0 | ||
| 008 | 130419s2013 at 000 0 eng|d | ||
| 020 | _a9781133949398 (pbk.) : | ||
| 040 |
_aStDuBDS _beng _cStDuBDS _erda |
||
| 082 | 0 | 4 |
_a604.2 _223 _bGOE |
| 100 | 1 |
_aGoetsch, David L. _920082 |
|
| 245 | 1 | 0 |
_aStructural, civil and pipe drafting / _cby David Goetsch. |
| 250 | _a2nd. ed. | ||
| 300 |
_a1 v ; _c28 cm. |
||
| 650 | 0 |
_aEngineering drawings. _934448 |
|
| 650 | 0 |
_aStructural drawing. _934449 |
|
| 650 | 0 |
_aMechanical drawing. _934450 |
|
| 653 |
_bArch _cNovember2013 |
||
| 942 |
_2ddc _cBB _k604.2 GOE |
||
| 999 |
_c17755 _d17727 |
||